| 000 | 01557nam a22003611ib4500 | ||
|---|---|---|---|
| 999 |
_c174471 _d174471 |
||
| 003 | OSt | ||
| 005 | 20191028110937.0 | ||
| 008 | 190925t20192019mnuo|||jr|||| 001 0 eng d | ||
| 020 |
_a9781608189953 _cRM 130.30 _qhardback |
||
| 040 |
_aPPAK _beng _cPPAK _erda |
||
| 082 | 0 | 4 |
_223 _a577.789 |
| 090 | 0 | 0 |
_a577.789 _bGIS _dRK |
| 100 | 1 |
_aGish, Melissa, _eauthor. |
|
| 245 | 0 | 0 |
_aCORAL REEF COMMUNITIES / _cBY MELISSA GISH |
| 250 | _aFirst edition. | ||
| 264 | 1 |
_aMankato, Minnesota : _bCreative Education and Creative Paperbacks, _c2019 |
|
| 264 | 4 | _c©2019 | |
| 300 |
_a48 pages : _bcolor photographs ; _c28 cm. |
||
| 336 |
_2rdacontent _atext |
||
| 337 |
_2rdamedia _aunmediated |
||
| 338 |
_2rdacarrier _avolume |
||
| 490 | 1 | _aDown in the ocean | |
| 504 | _aIncludes bibliographical references and index. | ||
| 505 | _aWelcome to the coral reef -- Infinite wonders -- Eat or be eaten -- Special relationships -- Family life -- Ocean mysteries -- True-life coral reef adventure -- Under pressure. | ||
| 520 |
_a"Explore the regions of the world's oceans known for their coral reefs and learn about the life forms that dwell there. First-person accounts from scientists answer important questions about reef communities"-- _cProvided by publisher. |
||
| 650 | 0 |
_aCoral reef ecology _vJuvenile literature. |
|
| 650 | 0 |
_aCoral reef animals _vJuvenile literature. |
|
| 650 | 0 | _aCoral reef ecology. | |
| 650 | 0 | _aCoral reef animals. | |
| 800 | 1 |
_aGish, Melissa, _eauthor. _tDown in the ocean. |
|
| 830 | 0 | _aDown in the ocean | |
| 942 |
_2ddc _cB |
||